Представление документа в формате RUSMARC

ПолеНазваниеЗначение
  Тип записи a
  Библиографический уровень m
001 Контрольный номер RSL-KNO-002982555
005 Дата корректировки 20201206204725.3
010 Индекс ISBN __
a ISBN 5-9718-0118-X (В пер.)
d Цена 292-60
021 № государственной регистрации __
b № документа 06-76612
100 Данные общей обработки __
a Данные общей обработки 19061127d2006 |||y0rusy0189 ca
101 Язык документа __
a Язык текста rus
c Язык оригинала rus
102 Страна публикации __
a Страна публикации RU
105 Кодированные данные (монография) __
a Кодированные данные (монография) y zzzz000zy
200 Заглавие и сведения об ответственности 1_
a Заглавие Формирование пространственных представлений у детей с задержкой психического развития
e Сведения, относящиеся к заглавию метод. пособие
f Первые сведения об ответственности З. М. Дунаева; Гос. науч. учреждение "Ин-т коррекционной педагогики Российской акад. образования"
b Общее обозначение материала Текст
210 Выходные данные __
a Место издания М.
c Издательство Совет. спорт
d Дата издания 2006
215 Физическое описание __
a Объем 143 с.
c Иллюстрации/тип воспроизводства ил., табл.
320 Библиография __
a Библиография Библиогр.: с. 108-118
330 Аннотация __
a Аннотация Уделено внимание описанию научно обоснованных форм и методов коррекции выявленных нарушений у детей в дошкольном возрасте, что будет способствовать предупреждению школьной неуспеваемости.
606 Тематические рубрики __
a Основная рубрика Образование. Педагогика
606 Тематические рубрики __
a Основная рубрика Дефектология. Специальные школы
606 Тематические рубрики __
a Основная рубрика Психология
606 Тематические рубрики __
a Основная рубрика Детская психология
610 Ключевые слова __
a Ключевые слова развитие ребенка; детское развитие; развитие пространственных представлений; развитие конструктивного мышления; дошкольники; психолого-педагогические характеристики; задержка психического развития; ЗПР; дети с задержкой психического развития; коррекционная педагогика
686 Индексы других классификаций __
a Классификационный индекс 74.56; В74 + В88
700 Автор _1
a Фамилия Дунаева
b Имя З. М.
g Полное личное имя Зинаида Михайловна
4 Код отношения 070
801 Источник записи _0
a Страна RU
b Организация Муниципальное бюджетное учреждение культуры "Централизованная библиотечная система" г. Сургут (Центральная городская библиотека им. А. С. Пушкина)
c Дата составления 20061127
g Правила каталогизации КиК/Елгина
801 Источник записи _1
a Страна RU
b Организация Муниципальное бюджетное учреждение культуры "Централизованная библиотечная система" г. Сургут (Центральная городская библиотека им. А. С. Пушкина)
c Дата составления 20061127
g Правила каталогизации КиК/Елгина
852 Данные о местонахождении __
j Шифр хранения 74.56
c Каталожный индекс 74.3; 88.8
i Авторский знак Д 83
901 Тип документа __
t Тип документа m
903 Характеристики (МАРС) __
a Дата передачи 20100513
990 Данные о заказе (DOS) __
j Количество экземпляров (DOS) 2
t N записи в КСУ для И/У (DOS) 201006